Eras Tour Stops - Sudden Death - Statistics

General Stats
  • This quiz has been taken 293 times
  • The average score is 7 of 15
Answers on the Grid
Answers color-coded by a green-red scale on the quiz's grid according to % correct below.
Gelsenkirchen
Manila
Lyon
Shanghai
London
Montreal
Dublin
Copenhagen
Foxborough
Portland
Lisbon
St Louis
Kansas City
Omaha
Inglewood
Seoul
Miami
Athens
Melbourne
Istanbul
Chicago
San Francisco
Milan
Grand Rapids
Arlington
Washington D.C.
Nashville
Prague
Singapore
Auckland
 
Answer Stats
Answer % Correct
London
66%
Miami
54%
Singapore
51%
Kansas City
50%
Chicago
47%
Lisbon
47%
Lyon
45%
Dublin
44%
Melbourne
44%
Gelsenkirchen
43%
Nashville
43%
Milan
42%
Foxborough
41%
Arlington
35%
Inglewood
33%
No matching quizzes found
Score Distribution
Percent of People with Each Score
Percentile by Number Answered
Your Score History
You have not taken this quiz